Uplatňovanie modelu brigádnej formy organizácie práce a odmeňovania

Podrobná bibliografia
Hlavný autor: Vavrík, Štefan (Autor)
Médium: Článok
Jazyk:slovenčina
Predmet:

MARC

LEADER 00000nab a2200000 a 4500
001 vtls000244914
003 SK-MaSNL
005 20260303171818.0
008 140716c1985 xo 0 slo
015 |a SNBRB19rr/mm-uuuuu 
035 |a CL0255028 
040 |a SNKBUCL  |b slo  |c SNKBUCL  |e AACR2 
041 0 |a slo 
044 |a xo  |c SK 
080 |a 69:331.874:331.236  |2 1981 
080 |a 331.874  |2 1981 
080 |a 331.236  |2 1981 
080 |a 338.244.018  |2 1981 
100 1 |a Vavrík, Štefan  |4 aut  |9 938992 
245 1 0 |a Uplatňovanie modelu brigádnej formy organizácie práce a odmeňovania  |c Štefan Vavrík 
650 0 7 |a Pozemné stavby, n.p., Nitra  |2 snkbucl  |9 935632 
650 0 7 |a organizácia práce  |2 snkbucl  |9 2330 
650 0 7 |a odmeňovanie  |2 snkbucl  |9 2329 
650 0 7 |a chozrasčot brigádny  |2 snkbucl  |9 922420 
655 7 |a články z novín a časopisov  |2 snkbucl  |9 267496 
773 0 |t Ekonomika stavebníctva  |g Roč. 20, č. 9 (1985), s. 277-280 
850 |a Slovenská národná knižnica v Martine  |a MTA001 
852 |a SNK  |b KIS3GCP 
957 |a 5206 
958 |a RK 
992 |a RBX 
999 |c 2083510  |d 2085440